00832nam a22002417a 45000010005000000030006000050050017000110080041000280200018000690400029000870500009001160820011001251000031001362450056001672600034002233000058002575050007003155200147003225210028004695210018004976500040005157000035005557052FISKH20250619133250.0250619b cb ||||| |||| 00| 0 eng d a9781445436890 aFISKHbengcFISKHdFISKH aPZ7  a823.92 aBendall-Brunello, Tiziana  aMy favorite food /cTiziana & John Bendall-Brunello aNew York : bParagon, c2010. a24 unnumbered pages : bcolor illustrations ; c25 cm aE  aLittle Goose's favorite food is grass. But what she wonders, do Pig, and Goat and Cow like to eat? And Fox? What will Fox's favorite food be?!8 a290 bLexile estimate 8 aE bRaz-Plus  aFavorite Foods vAnimal Characters aBendall-Brunell, John eAuthor